LEADER 01439nam a2200361 i 4500 001 991000808819707536 005 20020507173844.0 008 970602s1996 ||| ||| | eng 020 $a0672309149 035 $ab10760155-39ule_inst 035 $aLE01302645$9ExL 040 $aDip.to Matematica$beng 082 0 $a005.74 084 $aAMS 68N99 084 $aCR D.3.2 100 1 $aPacheco, Xavier$0535114 245 10$aDelphi developer's guide /$cXavier Pacheco, Steve Teixeira 250 $a2nd ed. 260 $aIndianapolis, Ind. :$bSams Pub.,$cc1996 300 $axxvii, 907 p. :$bill. ;$c23 cm. + 1 computer laser optical disc (4 3/4 in.) 490 0 $aSams developer's guide 500 $aIncludes index. 500 $aSystem requirements for CD-ROM: Intel 386-based PC or higher; 6MB extended memory or higher; Microsoft Windows 3.1 or later; 30MB hard disk space; CD-ROM drive 650 4$aClient/server computing 650 4$aComputer software$xDevelopment 650 4$aDelphi (Computer file) 700 1 $aTeixeira, Steve$eauthor$4http://id.loc.gov/vocabulary/relators/aut$0736385 907 $a.b10760155$b23-02-17$c28-06-02 912 $a991000808819707536 945 $aLE013 68N PAC11 (1996)$g1$i2013000082400$lle013$o-$pE0.00$q-$rl$s- $t0$u2$v0$w2$x0$y.i10855294$z28-06-02 996 $aDelphi developer's guide$91455488 997 $aUNISALENTO 998 $ale013$b01-01-97$cm$da $e-$feng$gxx $h0$i1 LEADER 02047oam 2200529 450 001 9910706992203321 005 20210203154442.0 035 $a(CKB)5470000002459552 035 $a(OCoLC)1031851598 035 $a(OCoLC)995470000002459552 035 $a(EXLCZ)995470000002459552 100 $a20180420d2011 ua 0 101 0 $aeng 135 $aurcn||||||||| 181 $ctxt$2rdacontent 182 $cc$2rdamedia 183 $acr$2rdacarrier 200 10$aMartin Luther King Jr. National Historic Site long-range interpretive plan /$fprepared by Harpers Ferry Center Interpretive Planning, and Martin Luther King, Jr. National Historic Site staff and partners 210 1$a[Harpers Ferry, W.V.] :$cHarpers Ferry Center, National Park Service, U.S. Department of the Interior,$d2011. 215 $a1 online resource (viii, 119 pages) $cillustrations (chiefly color), color maps 300 $a"December 2011." 320 $aIncludes bibliographical references (page 119). 606 $aHistoric sites$zGeorgia$zAtlanta$xManagement 606 $a1031851598Historic sites$xManagement$2fast 606 $aHomes$2fast 606 $aManagement$2fast 607 $aMartin Luther King, Jr., National Historic Site (Atlanta, Ga.)$xManagement 607 $aMartin Luther King, Jr., National Historic Site (Atlanta, Ga.)$xPlanning 607 $aGeorgia$zAtlanta$2fast 607 $aGeorgia$zAtlanta$zMartin Luther King Jr. National Historic Site$2fast 608 $aOnline resources. 615 0$aHistoric sites$xManagement. 615 7$a1031851598Historic sites$xManagement. 615 7$aHomes. 615 7$aManagement. 676 $a29.2:K 58/2 712 02$aMartin Luther King Jr. National Historic Site (Agency : U.S.) 801 0$bGPO 801 1$bGPO 801 2$bOCLCF 801 2$bMERUC 801 2$bUOK 801 2$bGPO 906 $aBOOK 912 $a9910706992203321 996 $aMartin Luther King Jr. National Historic Site long-range interpretive plan$93265022 997 $aUNINA